000 00824cam a22002893a 4500
001 6593
003 PGUSA
005 20140828083134.0
008 040901s2004||||xxu|||||s|||||000 1 eng d
040 _aPGUSA
_beng
042 _adc
050 4 _aPR
100 1 _aFielding, Henry,
_d1707-1754
245 1 0 _aHistory of Tom Jones, a Foundling
_h[electronic resource] /
_cHenry Fielding
260 _bProject Gutenberg,
_c2004
506 _aPublic domain in the USA.
516 _aElectronic text
653 _aIdentity (Psychology) -- Fiction
653 _aHumorous stories
653 _aFoundlings -- Fiction
653 _aBildungsromans
653 _aEngland -- Fiction
653 _aYoung men -- Fiction
830 0 _aProject Gutenberg
_v6593
856 4 0 _uhttp://www.gutenberg.org/ebooks/6593
942 _cEB
999 _c235913
_d235913